[Event "Nova Gorica op 28th"]
[Site "Nova Gorica"]
[Date "2024.01.29"]
[Round "5"]
[White "Stevanic, David"]
[Black "Orsatti, Marcello"]
[Result "1-0"]
[WhiteElo "2294"]
[BlackElo "1918"]
[PlyCount "85"]
[EventDate "2024.01.26"]
[EventType "swiss"]
[EventRounds "9"]
[EventCountry "SLO"]
[SourceTitle "CB06_2024"]
[SourceDate "2024.02.07"]
[SourceVersion "1"]
[SourceVersionDate "2024.02.07"]
[SourceQuality "1"]

1. e4 d5 2. exd5 Qxd5 3. Nc3 Qd8 4. Bc4 Nf6 5. Nf3 Bf5 6. d3 e6 7. h3 c6 8. Qe2 Qc7 9. g4 Bg6 10. Ne5 Nbd7 11. Nxd7 Qxd7 12. f4 0-0-0 13. Qf2 b6 14. Ba6+ Kb8 15. Be3 Qc7 16. a3 Nd5 17. Nxd5 Rxd5 18. b4 Be7 19. Bc4 Bf6 20. 0-0 Rd7 21. Ra2 Rhd8 22. a4 Bd4 23. b5 cxb5 24. Bxd4 Rxd4 25. axb5 R8d7 26. f5 exf5 27. gxf5 Bh5 28. c3 R4d6 29. Qh4 Rh6 30. Qf4 Qxf4 31. Rxf4 f6 32. Be6 Bf7 33. Bxd7 Bxa2 34. Kh2 g6 35. Be6 Bb1 36. fxg6 Rxg6 37. Bf5 Rg7 38. Rf2 Re7 39. Be4 Rd7 40. Bf5 Rd6 41. Rb2 Rxd3 42. Rxb1 Rxc3 43. Bxh7 1-0

[Event "Chioggia op-B 14th"]
[Site "Chioggia"]
[Date "2019.10.05"]
[Round "3"]
[White "Orsatti, Marcello"]
[Black "Adami, Antonio"]
[Result "1-0"]
[WhiteElo "1888"]
[BlackElo "1721"]
[PlyCount "63"]
[EventDate "2019.10.04"]
[EventType "swiss"]
[EventRounds "5"]
[EventCountry "ITA"]
[SourceTitle "EXT 2022"]
[Source "ChessBase"]
[SourceDate "2021.10.06"]
[SourceVersion "1"]
[SourceVersionDate "2021.10.06"]
[SourceQuality "1"]

1. c4 Nf6 2. g3 g6 3. Bg2 Bg7 4. Nc3 0-0 5. e4 e5 6. Nge2 d6 7. d4 c6 8. h3 Na6 9. 0-0 Qe7 10. Be3 Nd7 11. d5 c5 12. Qd2 Nb6 13. b3 f5 14. Rae1 Bd7 15. Bh6 Rf7 16. Bxg7 Kxg7 17. f4 Raf8 18. fxe5 Qxe5 19. exf5 Rxf5 20. Nf4 Qd4+ 21. Qxd4+ cxd4 22. Nce2 d3 23. Nd4 Kh6 24. Nxf5+ Rxf5 25. Nxd3 Rxf1+ 26. Bxf1 Kg5 27. Re7 h5 28. a4 Kf6 29. Rh7 Nb8 30. a5 Nc8 31. c5 Bf5 32. Rxb7 1-0

[Event "Trieste Excelsior Palace op 1st"]
[Site "Trieste"]
[Date "2017.01.03"]
[Round "2"]
[White "Savoia, Serge"]
[Black "Orsatti, Marcello"]
[Result "1-0"]
[WhiteElo "1774"]
[BlackElo "1846"]
[PlyCount "51"]
[EventDate "2017.01.02"]
[EventType "swiss"]
[EventRounds "7"]
[EventCountry "ITA"]
[SourceTitle "CBM 176 Extra"]
[Source "ChessBase"]
[SourceDate "2017.03.02"]
[SourceVersion "1"]
[SourceVersionDate "2017.03.02"]
[SourceQuality "1"]

1. e4 d5 2. Nc3 d4 3. Nce2 e5 4. d3 Nc6 5. Nf3 g6 6. g3 Bg7 7. Bg2 Nge7 8. 0-0 h6 9. Ne1 Be6 10. f4 Qd7 11. fxe5 g5 12. Nf3 0-0-0 13. b4 Nxe5 14. Nfxd4 Bg4 15. c3 Bh3 16. a4 Bxg2 17. Kxg2 g4 18. Be3 h5 19. Bg5 f6 20. Bxf6 Bxf6 21. Rxf6 h4 22. Nf4 hxg3 23. hxg3 Rh7 24. Qb3 Rdh8 25. Kf2 Ng8 26. Rf8+ 1-0

[Event "Trieste Excelsior Palace op 1st"]
[Site "Trieste"]
[Date "2017.01.02"]
[Round "1"]
[White "Orsatti, Marcello"]
[Black "Drazic, Sinisa"]
[Result "0-1"]
[WhiteElo "1846"]
[BlackElo "2390"]
[PlyCount "32"]
[EventDate "2017.01.02"]
[EventType "swiss"]
[EventRounds "7"]
[EventCountry "ITA"]
[SourceTitle "CBM 176 Extra"]
[Source "ChessBase"]
[SourceDate "2017.03.02"]
[SourceVersion "1"]
[SourceVersionDate "2017.03.02"]
[SourceQuality "1"]

1. c4 Nf6 2. g3 g6 3. Bg2 Bg7 4. Nc3 0-0 5. d4 d6 6. e4 e5 7. Nge2 Na6 8. 0-0 c6 9. h3 Qe7 10. Be3 exd4 11. Nxd4 Nd7 12. f4 Nb6 13. Qe2 f5 14. exf5 Re8 15. Rae1 Qxe3+ 16. Qxe3 Rxe3 0-1

[Event "Mogliano Veneto op-B 34th"]
[Site "Mogliano Veneto"]
[Date "2013.04.27"]
[Round "4"]
[White "Orsatti, Marcello"]
[Black "Brunelli, Flavio"]
[Result "1-0"]
[WhiteElo "1926"]
[BlackElo "1755"]
[PlyCount "60"]
[EventDate "2013.04.25"]
[EventType "swiss"]
[EventRounds "6"]
[EventCountry "ITA"]
[SourceTitle "EXT 2015"]
[Source "ChessBase"]
[SourceDate "2014.11.20"]
[SourceVersion "1"]
[SourceVersionDate "2014.11.20"]
[SourceQuality "1"]

1. c4 g6 2. g3 Bg7 3. Bg2 Nf6 4. Nc3 c6 5. e4 d6 6. Nge2 Nbd7 7. d4 c5 8. d5 a6 9. 0-0 Nb6 10. b3 Bd7 11. h3 Qc7 12. Be3 0-0 13. Qd2 Rfe8 14. f4 e6 15. e5 Nh5 16. g4 exd5 17. cxd5 Nxf4 18. Bxf4 Bxe5 19. Bxe5 Rxe5 20. Qf4 f5 21. gxf5 Rxf5 22. Qd2 Raf8 23. Rxf5 Bxf5 24. Ng3 Bc8 25. Rf1 Qe7 26. Rxf8+ Kxf8 27. Qf4+ Kg7 28. Nge4 Qe5 29. Qxe5+ dxe5 30. Nxc5 Kf6 1-0

[Event "Udine Tre Circoli op"]
[Site "Udine"]
[Date "2012.02.25"]
[Round "5"]
[White "Bozza, Stefano"]
[Black "Orsatti, Marcello"]
[Result "0-1"]
[WhiteElo "1836"]
[BlackElo "1976"]
[PlyCount "98"]
[EventDate "2012.01.21"]
[EventType "swiss"]
[EventRounds "7"]
[EventCountry "ITA"]
[SourceTitle "EXT 2014"]
[Source "ChessBase"]
[SourceDate "2013.11.20"]
[SourceVersion "1"]
[SourceVersionDate "2013.11.20"]
[SourceQuality "1"]

1. e4 d6 2. d4 Nf6 3. Nc3 c6 4. Bd3 e5 5. dxe5 dxe5 6. Nf3 Bc5 7. 0-0 Nbd7 8. Qe2 0-0 9. Nd1 Qc7 10. Ne3 b5 11. Nh4 g6 12. Ng4 Nxg4 13. Qxg4 Nf6 14. Qe2 Bg4 15. Nf3 Nh5 16. h3 Be6 17. Ne1 Ng3 18. Qf3 Nxf1 19. Bxf1 f5 20. Nd3 fxe4 21. Qxe4 Bd5 22. Qg4 Bb6 23. Be3 Bxe3 24. fxe3 c5 25. e4 Bc4 26. b3 Bxd3 27. Bxd3 Qc6 28. Qe2 Rab8 29. a4 Qd6 30. Kh1 b4 31. Rd1 Qe7 32. Qg4 Kg7 33. Bc4 Rbd8 34. Rxd8 Rxd8 35. Bd3 Rf8 36. Qg3 Rf4 37. Qe3 Qf8 38. Kg1 Qd6 39. Kh2 Qd4 40. Qxd4 exd4 41. Kg3 g5 42. Kh2 a5 43. Kg1 h5 44. Kh2 Kf6 45. g3 Rf3 46. Kg2 Re3 47. Kf2 Ke5 48. h4 gxh4 49. gxh4 Rh3 0-1

[Event "Noale Szabados Memorial-B 3rd"]
[Site "Noale"]
[Date "2010.02.07"]
[Round "4"]
[White "Orsatti, Marcello"]
[Black "Bolognesi, Alberto"]
[Result "0-1"]
[WhiteElo "1980"]
[BlackElo "1903"]
[PlyCount "68"]
[EventDate "2010.02.05"]
[EventType "swiss"]
[EventRounds "5"]
[EventCountry "ITA"]
[SourceTitle "EXT 2022"]
[Source "ChessBase"]
[SourceDate "2021.10.06"]
[SourceVersion "1"]
[SourceVersionDate "2021.10.06"]
[SourceQuality "1"]

1. c4 Nf6 2. Nc3 e6 3. g3 d5 4. cxd5 exd5 5. Bg2 c6 6. d3 Bd6 7. Nf3 0-0 8. 0-0 Nbd7 9. a3 a5 10. Re1 Qc7 11. e4 dxe4 12. dxe4 Ne5 13. Nxe5 Bxe5 14. Qc2 Be6 15. h3 Bd4 16. Nb5 Bxf2+ 17. Qxf2 cxb5 18. Be3 Qc4 19. Rac1 Qa4 20. Bd4 Nd7 21. e5 Rac8 22. Kh2 b4 23. Bxb7 Rxc1 24. Rxc1 bxa3 25. Bc6 Qb3 26. Rc3 Qxb2 27. Rc2 Qb1 28. Qd2 Rc8 29. Rc1 a2 30. Ba1 Nb8 31. Bb2 Nxc6 32. Rxc6 Rb8 33. Rb6 Rf8 34. Qc3 Bd5 0-1

[Event "Porto San Giorgio op 20th"]
[Site "Porto San Giorgio"]
[Date "2008.08.24"]
[Round "4"]
[White "Calavalle, Giulio"]
[Black "Orsatti, Marcello"]
[Result "1-0"]
[WhiteElo "2231"]
[BlackElo "2004"]
[PlyCount "65"]
[EventDate "2008.08.21"]
[EventType "swiss"]
[EventRounds "9"]
[EventCountry "ITA"]
[SourceTitle "CBM 126 Extra"]
[Source "ChessBase"]
[SourceDate "2008.11.05"]
[SourceVersion "1"]
[SourceVersionDate "2008.11.05"]
[SourceQuality "1"]

1. e4 d6 2. Nc3 Nf6 3. Bc4 c6 4. Bb3 Na6 5. d4 Qa5 6. Bd2 e5 7. d5 c5 8. Ba4+ Bd7 9. Bxd7+ Nxd7 10. Nge2 b5 11. Ng3 Nf6 12. Bg5 b4 13. Nce2 b3+ 14. c3 bxa2 15. Bxf6 gxf6 16. Qb3 Qb6 17. Qa4+ Kd8 18. Rxa2 Nc7 19. Nf5 a6 20. 0-0 Rb8 21. Rfa1 Qb5 22. Qc2 h5 23. b4 cxb4 24. cxb4 Qxb4 25. Rc1 Qb6 26. Qa4 Qb5 27. Qd1 Qb3 28. Rac2 Rb7 29. Qd2 Qb5 30. Rc6 Kd7 31. Qc2 Qa5 32. Rxd6+ Bxd6 33. Qc6+ 1-0

[Event "Udine Oro Caffe op 1st"]
[Site "Udine"]
[Date "2008.07.10"]
[Round "6"]
[White "Bortolosso, Mario"]
[Black "Orsatti, Marcello"]
[Result "0-1"]
[WhiteElo "1530"]
[BlackElo "2004"]
[PlyCount "68"]
[EventDate "2008.07.05"]
[EventType "swiss"]
[EventRounds "6"]
[EventCountry "ITA"]
[SourceTitle "EXT 2010"]
[Source "ChessBase"]
[SourceDate "2010.11.25"]
[SourceVersion "1"]
[SourceVersionDate "2010.11.25"]
[SourceQuality "1"]

1. e4 d6 2. d4 Nf6 3. Nc3 c6 4. Bg5 Qa5 5. Bxf6 exf6 6. Nf3 Bg4 7. h3 Be6 8. Bd3 Nd7 9. 0-0 d5 10. Re1 Bb4 11. Qd2 0-0 12. e5 h6 13. a3 Bxc3 14. bxc3 Qc7 15. Re3 fxe5 16. Nxe5 Nxe5 17. Rxe5 Qd7 18. Rae1 Rae8 19. Qe3 Qd8 20. Qg3 Bd7 21. R1e3 Rxe5 22. Rxe5 Re8 23. Rh5 Qb8 24. f4 Qd6 25. Qf3 Qxa3 26. f5 Qc1+ 27. Kh2 f6 28. c4 Qe3 29. Qg3 a5 30. cxd5 Qxg3+ 31. Kxg3 a4 32. Kf2 a3 33. c4 a2 34. dxc6 a1Q 0-1

[Event "Udine Oro Caffe op 1st"]
[Site "Udine"]
[Date "2008.07.06"]
[Round "2"]
[White "Tonon, Alessandro"]
[Black "Orsatti, Marcello"]
[Result "1-0"]
[WhiteElo "2227"]
[BlackElo "2004"]
[PlyCount "119"]
[EventDate "2008.07.05"]
[EventType "swiss"]
[EventRounds "6"]
[EventCountry "ITA"]
[SourceTitle "EXT 2010"]
[Source "ChessBase"]
[SourceDate "2010.11.25"]
[SourceVersion "1"]
[SourceVersionDate "2010.11.25"]
[SourceQuality "1"]

1. e4 d6 2. d4 Nf6 3. Nc3 c6 4. f4 Qa5 5. Bd3 e5 6. Nf3 Bg4 7. Be3 Nbd7 8. 0-0 Be7 9. Qd2 Bxf3 10. gxf3 b5 11. fxe5 dxe5 12. d5 b4 13. dxc6 bxc3 14. cxd7+ Nxd7 15. Qxc3 Qxc3 16. bxc3 Bc5 17. Kf2 Ke7 18. Rfb1 Rab8 19. Rb3 Bxe3+ 20. Kxe3 Nc5 21. Rb5 Rxb5 22. Bxb5 Rb8 23. a4 a6 24. Bc4 Rb2 25. Kd2 Rb8 26. Rg1 g6 27. a5 Rb2 28. h4 h6 29. Rd1 f6 30. Rg1 g5 31. hxg5 hxg5 32. Rh1 Kd6 33. Rh6 Nd7 34. Bxa6 Ra2 35. Bb5 Rxa5 36. Bxd7 Kxd7 37. Rxf6 Ra1 38. Rf5 Rf1 39. Rxe5 Rxf3 40. Rxg5 Rf2+ 41. Kd3 Rf3+ 42. Kd4 Rf2 43. Kc5 Rxc2 44. c4 Ra2 45. e5 Ke6 46. Kc6 Ra6+ 47. Kb5 Ra1 48. Kb6 Rb1+ 49. Kc6 Ra1 50. c5 Rc1 51. Rh5 Rc2 52. Kb6 Rb2+ 53. Kc7 Rc2 54. c6 Rc1 55. Kb7 Rb1+ 56. Kc8 Rc1 57. c7 Rc2 58. Rh7 Rc1 59. Rd7 Ra1 60. Kd8 1-0

[Event "Conegliano op"]
[Site "Conegliano"]
[Date "2008.06.01"]
[Round "2"]
[White "De Filomeno, Simone"]
[Black "Orsatti, Marcello"]
[Result "1-0"]
[WhiteElo "2088"]
[BlackElo "1960"]
[PlyCount "47"]
[EventDate "2008.05.31"]
[EventType "swiss"]
[EventRounds "6"]
[EventCountry "ITA"]
[SourceTitle "CBM 124 Extra"]
[Source "ChessBase"]
[SourceDate "2008.07.03"]
[SourceVersion "1"]
[SourceVersionDate "2008.07.03"]
[SourceQuality "1"]

1. e4 d6 2. d4 Nf6 3. Nc3 c6 4. f4 Qa5 5. Bd2 e5 6. Nf3 exd4 7. Nxd4 Qb6 8. Nb3 Be7 9. Qf3 0-0 10. Bd3 Nbd7 11. Be3 Qc7 12. a4 b6 13. g4 Nc5 14. Nxc5 dxc5 15. g5 Nd7 16. e5 Bb7 17. 0-0-0 Rfd8 18. Qe4 Nf8 19. f5 c4 20. Bxc4 b5 21. axb5 cxb5 22. Bd5 Bxd5 23. Nxd5 Qb7 24. Nf6+ 1-0

[Event "Conegliano op"]
[Site "Conegliano"]
[Date "2008.05.31"]
[Round "1"]
[White "Orsatti, Marcello"]
[Black "Tamai, Roberto"]
[Result "0-1"]
[WhiteElo "1960"]
[BlackElo "2290"]
[PlyCount "84"]
[EventDate "2008.05.31"]
[EventType "swiss"]
[EventRounds "6"]
[EventCountry "ITA"]
[SourceTitle "CBM 124 Extra"]
[Source "ChessBase"]
[SourceDate "2008.07.03"]
[SourceVersion "1"]
[SourceVersionDate "2008.07.03"]
[SourceQuality "1"]

1. c4 e6 2. Nc3 d5 3. cxd5 exd5 4. d4 Nf6 5. Bg5 Be7 6. e3 c6 7. Bd3 0-0 8. Qc2 Nbd7 9. Nf3 Re8 10. 0-0 h6 11. Bh4 Ne4 12. Bxe7 Qxe7 13. Nd2 Ndf6 14. Nd1 Bf5 15. f3 Nxd2 16. Qxd2 Bxd3 17. Qxd3 Rad8 18. Rc1 Rd6 19. Qa3 a6 20. Re1 Qd7 21. Nc3 Nh7 22. Na4 Rg6 23. Qd3 Ng5 24. Kh1 Ne6 25. Nc5 Qe7 26. Nxe6 Rxe6 27. Rc3 Qh4 28. g3 Qh3 29. Kg1 h5 30. Qf1 Qf5 31. Kg2 h4 32. Qd3 Qg5 33. f4 Qg4 34. Qe2 Qf5 35. Qf3 Rg6 36. Kf2 Ree6 37. Rcc1 Rg4 38. Rg1 Rh6 39. Ke2 hxg3 40. hxg3 Rh3 41. Kd2 Qg6 42. f5 Qg5 0-1

[Event "Udine Ruzzier Memorial 3rd"]
[Site "Udine"]
[Date "2007.09.22"]
[Round "1"]
[White "Orsatti, Marcello"]
[Black "Rozmann, Glauco"]
[Result "1-0"]
[WhiteElo "1857"]
[BlackElo "1476"]
[PlyCount "99"]
[EventDate "2007.09.22"]
[EventType "swiss"]
[EventRounds "4"]
[EventCountry "ITA"]
[SourceTitle "EXT 2010"]
[Source "ChessBase"]
[SourceDate "2010.11.25"]
[SourceVersion "1"]
[SourceVersionDate "2010.11.25"]
[SourceQuality "1"]

1. c4 c5 2. Nc3 Nf6 3. g3 e6 4. Bg2 Be7 5. d3 0-0 6. e4 e5 7. Nge2 d6 8. 0-0 Bd7 9. f4 Nc6 10. Nd5 Nxd5 11. exd5 Nd4 12. Nxd4 exd4 13. f5 g6 14. Bh6 Re8 15. fxg6 fxg6 16. Qf3 Kh8 17. Qf7 Rg8 18. Rae1 Bg5 19. Bxg5 Qxg5 20. Qxd7 Raf8 21. Rxf8 Rxf8 22. Qe7 Qh6 23. Qxd6 Kg8 24. Qe6+ Kg7 25. d6 Qd2 26. Qe5+ Kh6 27. Qe7 Rf2 28. Qh4+ Kg7 29. Re7+ Kf8 30. Qh3 Rf5 31. Bf1 Qf2+ 32. Kh1 Qxf1+ 33. Qxf1 Rxf1+ 34. Kg2 Rf6 35. Rxb7 Rxd6 36. Rxh7 a6 37. Rc7 Re6 38. Kf3 Re3+ 39. Kf4 Rxd3 40. Rxc5 Rd2 41. b4 Rxa2 42. h4 d3 43. Rd5 Rc2 44. Rd4 d2 45. c5 d1Q 46. Rxd1 Rc4+ 47. Kg5 Rxb4 48. Kxg6 Rg4+ 49. Kf6 Rxg3 50. Rd8# 1-0

[Event "Bratto op-B 27th"]
[Site "Bratto"]
[Date "2007.08.31"]
[Round "8"]
[White "Nepi, Ezio"]
[Black "Orsatti, Marcello"]
[Result "0-1"]
[WhiteElo "1831"]
[BlackElo "1857"]
[PlyCount "90"]
[EventDate "2007.08.24"]
[EventType "swiss"]
[EventRounds "8"]
[EventCountry "ITA"]
[SourceTitle "CBM 120 Extra"]
[Source "ChessBase"]
[SourceDate "2007.11.01"]
[SourceVersion "1"]
[SourceVersionDate "2007.11.01"]
[SourceQuality "1"]

1. c4 c5 2. Nf3 Nc6 3. d4 cxd4 4. Nxd4 g6 5. Nc3 Bg7 6. Be3 Nf6 7. Nxc6 bxc6 8. g3 Qc7 9. Bg2 Rb8 10. b3 a6 11. Rc1 c5 12. 0-0 Bb7 13. h3 Bxg2 14. Kxg2 0-0 15. Qd2 d6 16. Rfd1 Qb7+ 17. f3 Rfd8 18. Qc2 Nd7 19. Bg5 Ne5 20. Nd5 Nc6 21. Qe4 Re8 22. Qh4 f6 23. Bh6 Nb4 24. Nxb4 Qxb4 25. Rd5 a5 26. Bxg7 Kxg7 27. Qg4 Qa3 28. Rc2 a4 29. bxa4 Qxa4 30. Rcd2 Rb4 31. Qe6 Rxc4 32. Rxd6 exd6 33. Qxd6 Rd4 34. Qc7+ Kg8 35. Rb2 Qd7 36. Qxc5 Rd2 37. Rxd2 Qxd2 38. Qc4+ Kg7 39. Kf2 Qe3+ 40. Kf1 Qe6 41. Qc2 Qxh3+ 42. Kf2 Qh2+ 43. Kf1 Qxg3 44. Qd2 Qh3+ 45. Kf2 Qe6 0-1

[Event "Bratto op-B 27th"]
[Site "Bratto"]
[Date "2007.08.26"]
[Round "3"]
[White "Orsatti, Marcello"]
[Black "Buono, Valerio"]
[Result "1/2-1/2"]
[WhiteElo "1857"]
[BlackElo "1965"]
[PlyCount "60"]
[EventDate "2007.08.24"]
[EventType "swiss"]
[EventRounds "8"]
[EventCountry "ITA"]
[SourceTitle "CBM 120 Extra"]
[Source "ChessBase"]
[SourceDate "2007.11.01"]
[SourceVersion "1"]
[SourceVersionDate "2007.11.01"]
[SourceQuality "1"]

1. c4 e5 2. Nc3 Nc6 3. g3 Nf6 4. Bg2 Bc5 5. d3 0-0 6. e4 a6 7. h3 d6 8. Nge2 Bd7 9. 0-0 Rb8 10. a3 Ne8 11. b4 Ba7 12. Be3 Bxe3 13. fxe3 f5 14. exf5 Rxf5 15. Bd5+ Kh8 16. Rxf5 Bxf5 17. Qf1 Ne7 18. g4 c6 19. Be4 Be6 20. Qf2 Nf6 21. Qh4 Nxe4 22. Nxe4 Ng6 23. Qxd8+ Rxd8 24. Rf1 Kg8 25. Ng5 Re8 26. Ng3 h6 27. N5e4 Rd8 28. Nf5 Bxf5 29. Rxf5 Nh4 30. Rf1 b6 1/2-1/2

[Event "Bratto op-B 27th"]
[Site "Bratto"]
[Date "2007.08.25"]
[Round "2"]
[White "Cobas Ferrer, Dayamy"]
[Black "Orsatti, Marcello"]
[Result "1/2-1/2"]
[WhiteElo "1992"]
[BlackElo "1857"]
[PlyCount "58"]
[EventDate "2007.08.24"]
[EventType "swiss"]
[EventRounds "8"]
[EventCountry "ITA"]
[SourceTitle "CBM 120 Extra"]
[Source "ChessBase"]
[SourceDate "2007.11.01"]
[SourceVersion "1"]
[SourceVersionDate "2007.11.01"]
[SourceQuality "1"]

1. e4 d6 2. d4 Nf6 3. Nc3 c6 4. f4 Qa5 5. Bd3 e5 6. Nf3 Bg4 7. dxe5 dxe5 8. fxe5 Nfd7 9. e6 Bxe6 10. 0-0 Bc5+ 11. Kh1 h6 12. Qe2 b5 13. e5 Na6 14. Qe4 Rc8 15. Qe2 Nb4 16. a3 Nxd3 17. cxd3 Qb6 18. Ne4 Be7 19. Be3 Qc7 20. Bf4 Nb6 21. Nd4 Qd7 22. Nd6+ Bxd6 23. exd6 0-0 24. Rae1 Rce8 25. Qf3 Bd5 26. Qg3 Kh7 27. Rxe8 Rxe8 28. Be5 f6 29. Bf4 c5 1/2-1/2

[Event "Trieste op-B 7th"]
[Site "Trieste"]
[Date "2005.09.09"]
[Round "8"]
[White "Orsatti, Marcello"]
[Black "Belardinelli, Franco"]
[Result "0-1"]
[WhiteElo "1818"]
[BlackElo "1772"]
[PlyCount "84"]
[EventDate "2005.09.03"]
[EventType "swiss"]
[EventRounds "9"]
[EventCountry "ITA"]
[SourceTitle "EXT 2023"]
[Source "ChessBase"]
[SourceDate "2022.10.05"]
[SourceVersion "1"]
[SourceVersionDate "2022.10.05"]
[SourceQuality "1"]

1. c4 c5 2. Nc3 Nc6 3. g3 g6 4. Bg2 Bg7 5. d3 b6 6. e4 Bb7 7. Nge2 e5 8. 0-0 Nf6 9. f4 d6 10. f5 h6 11. h3 g5 12. g4 Qd7 13. Nd5 0-0-0 14. Nec3 Rdg8 15. Nb5 Kb8 16. Qa4 Bc8 17. a3 h5 18. Nxf6 Bxf6 19. Bf3 Bd8 20. Be3 Nd4 21. Bd1 hxg4 22. Bxg4 f6 23. Bf2 Nxb5 24. Qxb5 Qxb5 25. cxb5 Bd7 26. a4 Be8 27. Kg2 Bh5 28. Rh1 Rg7 29. Rag1 Rgh7 30. Be1 Kb7 31. b4 Be8 32. Rh2 Bf7 33. Bd1 c4 34. dxc4 Bxc4 35. Bc2 Bc7 36. Bf2 Be2 37. Rgh1 g4 38. h4 Bf3+ 39. Kg3 d5 40. Re1 Bd6 41. Bb3 Bxe4 42. Kxg4 Rg8+ 0-1